| 000 | 00986namaa22003011i 4500 | ||
|---|---|---|---|
| 003 | EG-GICUC | ||
| 005 | 20260513134744.0 | ||
| 008 | 260513s2007 nyua|||jr|||| 001 0 eng d | ||
| 040 |
_aEG-GiCUC _beng _cEG-GiCUC _dEG-GiCUC _erda |
||
| 082 | 0 | 4 |
_221 _a005.268 _bT743 |
| 092 | 0 | 4 |
_221 _a005.268 _bT743 |
| 099 | _a005.268 T743 | ||
| 100 | 1 |
_a Troelsen, Andrew W _eمؤلف. |
|
| 245 |
_aPro C# with .NET 3.0 _cAndrew Troelsen |
||
| 264 |
_aNew York, NY : _b Apress ; _c2007. |
||
| 300 |
_a1186صفحة _b؛ Illustrations _c24 سم |
||
| 336 |
_2rdacontent _atext |
||
| 337 |
_2rdamedia _aUnmediated |
||
| 338 |
_2rdacarrier _avolume |
||
| 504 | _aBibliography: pages 1151-1185. | ||
| 541 |
_aوزارة الثقافة ؛ _bالقاهرة ؛ _cإهداء ؛ _d2023. |
||
| 650 | 1 | 0 |
_a C# _bComputer program language |
| 650 | 1 | 0 | _a Internet programming |
| 700 | 1 |
_aEwan Buckingham _eReviewer. |
|
| 700 | 1 |
_achristophe Nasrarre _eReviewer. |
|
| 905 | _aSamah | ||
| 942 |
_2ddc _cBK _e21 _n0 |
||
| 999 |
_c180131 _d180131 |
||